German Chancellors & Presidents + Years - Statistics

General Stats
  • This quiz has been taken 31 times
  • The average score is 21 of 42
Answer Stats
# Hint Answer % Correct
Name Chancellor 8 Angela Merkel
100%
Name Chancellor 9 Olaf Scholz
92%
Name Chancellor 7 Gerhard Schröder
88%
Name Chancellor 6 Helmut Kohl
79%
Name Chancellor 5 Helmut Schmidt
79%
Name Chancellor 1 Konrad Adenauer
79%
Name Chancellor 4 Willy Brandt
79%
Name President 12 Frank-Walter Steinmeier
67%
Name Chancellor 2 Ludwig Erhard
67%
Name Chancellor 3 Kurt Georg Kiesinger
63%
Date 1949 - 1963
58%
Date 2021 - today
58%
Name President 11 Joachim Gauck
58%
Date 1998 - 2005
54%
Date 2005 - 2021
54%
Name President 10 Christian Wulff
54%
Name President 1 Theodor Heuss
54%
Date 1969 - 1974
50%
Date 1969 - 1974
50%
Date 1974 - 1982
50%
Date 1982 - 1998
50%
Name President 8 Johannes Rau
50%
Date 1963 - 1966
46%
Date 1966 - 1969
46%
Name President 9 Horst Köhler
46%
Date 2017 - today
42%
Name President 4 Walter Scheel
42%
Date 1999 - 2004
38%
Date 2004 - 2010
38%
Date 2010 - 2012
38%
Date 2012 - 2017
38%
Name President 2 Heinrich Lübke
38%
Date 1949 - 1959
33%
Name President 5 Karl Carstens
33%
Name President 6 Richard von Weizsäcker
33%
Date 1959 - 1969
29%
Date 1974 - 1979
29%
Date 1979 - 1984
29%
Date 1984 - 1994
29%
Date 1994 - 1999
29%
Name President 3 Gustav Heinemann
29%
Name President 7 Roman Herzog
29%
No matching quizzes found
Score Distribution
Percent of People with Each Score
Percentile by Number Answered
Your Score History
You have not taken this quiz